Normal view
MARC view
- Chaudhri, Muhammad Ashraf.
Entry Personal Name
001 - CONTROL NUMBER
- control field: 6253
003 - CONTROL NUMBER IDENTIFIER
- control field: NUST
005 - DATE AND TIME OF LATEST TRANSACTION
- control field: 20171109103651.0
008 - FIXED-LENGTH DATA ELEMENTS
- fixed length control field: 171109|| aca||aabn | a|a d
040 ## - CATALOGING SOURCE
- Original cataloging agency: NUST
- Transcribing agency: NUST
100 ## - HEADING--PERSONAL NAME
- Personal name: Chaudhri, Muhammad Ashraf.
670 ## - SOURCE DATA FOUND
- Source citation: Work cat.: (NUST)329395: Chaudhri, Muhammad Ashraf., The Muslim ummah and Iqbal /, 1994.
